000 00480nam a2200181Ia 4500
005 20250317125553.0
008 008 250317s9999 xx 000 0 eng d
037 _aTextbook
040 _aFMSL
_beng
_cFMSL
041 _aeng
_2eng
084 _qFMSL
100 _aAdiseshah Wtv
_9744353
245 0 _aFundamentals of Business management
260 _aNew Delhi
_bNew Delhi, Sudha
_c1965
300 _a362p
942 _cTB
999 _c1260024
_d1260024